LEADER 01605nam 2200397Ia 450 001 996396580103316 005 20221107224228.0 035 $a(CKB)4940000000058196 035 $a(EEBO)2240960958 035 $a(OCoLC)12743563 035 $a(EXLCZ)994940000000058196 100 $a19851031d1685 uy | 101 0 $aeng 135 $aurbn||||a|bb| 200 12$aA brief account of ancient church-government$b[electronic resource] $ewith a reflection on several modern writings of the Presbyterians, (the Assembly of Divines their jus divinum ministerii anglicani, published 1654, and D. Blondel's Apologia pro sententia hieronymi, and others,) touching this subject 205 $aThe second edition. 210 $aLondon $cPrinted for Benj. Tooke ...$d1685 215 $a[12], 267 p 300 $aReproduction of original in Huntington Library. 300 $aAttributed to Abraham Woodhead and also attributed to Obadiah Walker and Richard Holden. Cf. Halkett & Laing (2nd ed.), DNB (v.62, p. 399) 300 $aAbraham Woodhead's works appear either anonymously or under the initials R.H. cf. DNB. 330 $aeebo-0113 606 $aChurch polity$vEarly works to 1800 615 0$aChurch polity 700 $aR. H$f1609-1678.$01001862 701 $aWalker$b Obadiah$f1616-1699.$01001863 701 $aHolden$b Richard$f1626 or 7-1702.$01011530 801 0$bEAA 801 1$bEAA 801 2$bm/c 801 2$bEAA 801 2$bWaOLN 906 $aBOOK 912 $a996396580103316 996 $aA brief account of ancient church-government$92361078 997 $aUNISA LEADER 01735nas 22005173a 450 001 996206943203316 005 20240413014505.0 035 $a(CKB)1000000000694191 035 $a(CONSER)cn2004890014 035 $a(EXLCZ)991000000000694191 100 $a20030715a20029999 --- b 101 0 $afre 181 $ctxt$2rdacontent/fre 182 $cc$2rdamedia/fre 200 10$aRapport annuel /$fLa Financière agricole du Québec 210 $aQuébec $cLa Financière$d2002- 215 $a1 online resource 300 $aTitre pris sur la couv. 311 $aPrint version: Rapport annuel / (DLC)cn2004890014 (OCoLC)52613134 1711-0254 531 0 $aRqapp. annu. 606 $aAgricultural subsidies 606 $aAgricultural subsidies$zQuébec (Province)$vPeriodicals 606 $aAide de l'État à l'agriculture$zQuébec (Province)$vPériodiques 606 $aAide de l'État à l'agriculture 606 $aAgricultural subsidies$2fast$3(OCoLC)fst00801299 606 $aAide gouvernementale$2rasuqam 606 $aAgriculture$2rasuqam 607 $aQuébec$2fast 607 $aQuébec (Province)$2rasuqam 608 $aGovernment Publication 608 $apublic records.$2aat 608 $aPeriodicals.$2fast 608 $aPublications officielles.$2rvmgf 615 0$aAgricultural subsidies. 615 0$aAgricultural subsidies 615 6$aAide de l'État à l'agriculture 615 6$aAide de l'État à l'agriculture. 615 7$aAgricultural subsidies. 615 7$aAide gouvernementale. 615 7$aAgriculture. 676 $a354.5 906 $aJOURNAL 912 $a996206943203316 920 $aexl_impl conversion 996 $aRapport annuel$9790449 997 $aUNISA